Working Paper Series (Record no. 2512)
[ view plain ]
| 000 -LEADER | |
|---|---|
| fixed length control field | 00580nas a22002177i 4500 |
| 001 - CONTROL NUMBER | |
| control field | 2537 |
| 003 - CONTROL NUMBER IDENTIFIER | |
| control field | OSt |
| 005 - DATE AND TIME OF LATEST TRANSACTION | |
| control field | 20180326120114.0 |
| 007 - PHYSICAL DESCRIPTION FIXED FIELD--GENERAL INFORMATION | |
| fixed length control field | tu |
| 008 - FIXED-LENGTH DATA ELEMENTS--GENERAL INFORMATION | |
| fixed length control field | 161220c19919999xxu||||| |||| 00| 0 d |
| 022 ## - INTERNATIONAL STANDARD SERIAL NUMBER | |
| International Standard Serial Number | 1211-3298 |
| 024 7# - OTHER STANDARD IDENTIFIER | |
| Standard number or code | 2536 |
| Source of number or code | RID |
| 040 ## - CATALOGING SOURCE | |
| Transcribing agency | OSt |
| 110 2# - MAIN ENTRY--CORPORATE NAME | |
| Corporate name or jurisdiction name as entry element | Centre for Economic Research and Graduate Education, CERGE |
| Relator term | Ed. |
| 245 10 - TITLE STATEMENT | |
| Title | Working Paper Series |
| 246 19 - VARYING FORM OF TITLE | |
| Title proper/short title | CERGE Working Papers |
| 260 ## - PUBLICATION, DISTRIBUTION, ETC. | |
| Place of publication, distribution, etc. | Prague : |
| Name of publisher, distributor, etc. | CERGE-EI, |
| Date of publication, distribution, etc. | 1991- |
| 362 1# - DATES OF PUBLICATION AND/OR SEQUENTIAL DESIGNATION | |
| Dates of publication and/or sequential designation | 1.1991 - |
| 363 01 - NORMALIZED DATE AND SEQUENTIAL DESIGNATION | |
| First level of chronology | i1991 |
| 651 ## - SUBJECT ADDED ENTRY--GEOGRAPHIC NAME | |
| Geographic name | Czech Republic |
| 856 ## - ELECTRONIC LOCATION AND ACCESS | |
| Uniform Resource Identifier | <a href="http://www.cerge-ei.cz/publications/working_papers/">http://www.cerge-ei.cz/publications/working_papers/</a> |
| 942 ## - ADDED ENTRY ELEMENTS (KOHA) | |
| Koha item type | Paper |
| Withdrawn status | Lost status | Damaged status | Not for loan | Home library | Current library | Shelving location | Date acquired | Serial Enumeration / chronology | Inventory number | Total Checkouts | Barcode | Date last seen | Price effective from | Koha item type |
|---|---|---|---|---|---|---|---|---|---|---|---|---|---|---|
| WIIW | WIIW | Library | 08/21/2015 | 2015 | 2537 | 10004630 | 01/26/2017 | 01/26/2017 | Paper | |||||
| WIIW | WIIW | Library | 03/26/2018 | 2014 | 2000000005850 | 03/26/2018 | 03/26/2018 | Paper | ||||||
| WIIW | WIIW | Library | 03/26/2018 | 2013 | 2000000005874 | 03/26/2018 | Paper | |||||||
| WIIW | WIIW | Library | 03/26/2018 | 2012 | 2000000005867 | 03/26/2018 | 03/26/2018 | Paper | ||||||
| WIIW | WIIW | Library | 03/26/2018 | 2016 | 2000000005881 | 03/26/2018 | 03/26/2018 | Paper | ||||||
| WIIW | WIIW | Library | 03/26/2018 | 2017 | 2000000005898 | 03/26/2018 | 03/26/2018 | Paper |
